[Event "Tenerife-chT Tercera"]
[Site "Tenerife"]
[Date "2023.05.13"]
[Round "14"]
[White "Gomez Mederos, Daniel"]
[Black "Septien Lopez, Valeriano"]
[Result "1/2-1/2"]
[WhiteElo "1271"]
[BlackElo "1739"]
[PlyCount "50"]
[EventDate "2023.01.14"]
[EventType "team-tourn"]
[EventRounds "15"]
[EventCountry "ESP"]
[SourceTitle "EXT 2024"]
[Source "ChessBase"]
[SourceDate "2023.10.10"]
[SourceVersion "1"]
[SourceVersionDate "2023.10.10"]
[SourceQuality "1"]
[WhiteTeam "Ebano Barrio Nuevo IV"]
[BlackTeam "El Sauzal Libreria Barco III"]
[WhiteTeamCountry "ESP"]
[BlackTeamCountry "ESP"]

1. e4 c5 2. c3 d5 3. exd5 Qxd5 4. d4 cxd4 5. cxd4 Nc6 6. Nf3 e6 7. Nc3 Qd8 8. Bc4 Nf6 9. 0-0 Be7 10. Be3 0-0 11. Ne5 Nb4 12. Bg5 Nbd5 13. Nxd5 exd5 14. Bd3 h6 15. Bh4 Qd6 16. Re1 Bd7 17. Bg3 Ne4 18. Bxe4 dxe4 19. Rxe4 Qd5 20. Nxd7 Qxe4 21. Nxf8 Kxf8 22. d5 Rd8 23. d6 Bg5 24. Qb3 Bf4 25. Rd1 Rxd6 1/2-1/2

[Event "Tenerife-chT Primera"]
[Site "Tenerife"]
[Date "2023.03.25"]
[Round "9.3"]
[White "Septien Lopez, Valeriano"]
[Black "Chico Arbelo, Miguel"]
[Result "1/2-1/2"]
[WhiteElo "1739"]
[BlackElo "1725"]
[PlyCount "91"]
[EventDate "2023.01.14"]
[EventType "team-tourn"]
[EventRounds "14"]
[EventCountry "ESP"]
[SourceTitle "EXT 2024"]
[Source "ChessBase"]
[SourceDate "2023.10.10"]
[SourceVersion "1"]
[SourceVersionDate "2023.10.10"]
[SourceQuality "1"]
[WhiteTeam "El Sauzal Libreria Barco II"]
[BlackTeam "La Victoria 94"]
[WhiteTeamCountry "ESP"]
[BlackTeamCountry "ESP"]

1. e4 c5 2. g3 d6 3. Bg2 e6 4. Nc3 Nf6 5. d3 Be7 6. Nge2 0-0 7. 0-0 Nbd7 8. d4 cxd4 9. Nxd4 a6 10. h3 Qc7 11. a4 Rb8 12. Qe2 Ne5 13. Kh2 Bd7 14. f4 Ng6 15. Be3 e5 16. Nf5 Be6 17. Qf2 exf4 18. Nxe7+ Qxe7 19. gxf4 Bd7 20. Rae1 Rbc8 21. Bd4 Qd8 22. Bb6 Qe8 23. a5 Bc6 24. Rg1 Nd7 25. Bd4 Qd8 26. Bf3 Nf6 27. Qg3 Qxa5 28. Bxf6 gxf6 29. f5 Qb4 30. fxg6 fxg6 31. Bg4 Rce8 32. Bh5 Re5 33. Bxg6 Rg5 34. Bxh7+ Kxh7 35. Qh4+ Kg6 36. Qf2 Rxg1 37. Qf5+ Kf7 38. Rxg1 Ke7 39. Rg7+ Rf7 40. Rxf7+ Kxf7 41. Qh7+ Ke6 42. Qf5+ Kf7 43. Qh7+ Ke6 44. Qf5+ Kf7 45. Qh7+ Ke6 46. Qf5+ 1/2-1/2

[Event "Tenerife-chT Primera"]
[Site "Tenerife"]
[Date "2023.03.18"]
[Round "8.3"]
[White "Calvo Nobrega, Joaquin Manuel"]
[Black "Septien Lopez, Valeriano"]
[Result "1/2-1/2"]
[WhiteElo "1598"]
[BlackElo "1739"]
[PlyCount "46"]
[EventDate "2023.01.14"]
[EventType "team-tourn"]
[EventRounds "14"]
[EventCountry "ESP"]
[SourceTitle "EXT 2024"]
[Source "ChessBase"]
[SourceDate "2023.10.10"]
[SourceVersion "1"]
[SourceVersionDate "2023.10.10"]
[SourceQuality "1"]
[WhiteTeam "Circulo de Amistad XII Enero II"]
[BlackTeam "El Sauzal Libreria Barco II"]
[WhiteTeamCountry "ESP"]
[BlackTeamCountry "ESP"]

1. d4 Nf6 2. Nf3 d5 3. g3 c5 4. Nbd2 Nc6 5. c3 e6 6. Bg2 Qb6 7. e3 Bd7 8. 0-0 cxd4 9. exd4 Bd6 10. Nb3 0-0 11. h3 Qc7 12. Be3 Rac8 13. Rc1 Na5 14. Nxa5 Qxa5 15. a3 Bb5 16. Re1 Qa4 17. Qxa4 Bxa4 18. Bf1 Rc7 19. Nd2 Ne4 20. Nxe4 dxe4 21. c4 Rfc8 22. c5 Be7 23. Bd2 Bc6 1/2-1/2

[Event "Tenerife-chT Primera"]
[Site "Tenerife"]
[Date "2023.02.04"]
[Round "4.1"]
[White "Jorquera Fuentes, Hugo Samuel"]
[Black "Septien Lopez, Valeriano"]
[Result "1/2-1/2"]
[WhiteElo "1872"]
[BlackElo "1739"]
[PlyCount "98"]
[EventDate "2023.01.14"]
[EventType "team-tourn"]
[EventRounds "14"]
[EventCountry "ESP"]
[SourceTitle "EXT 2024"]
[Source "ChessBase"]
[SourceDate "2023.10.10"]
[SourceVersion "1"]
[SourceVersionDate "2023.10.10"]
[SourceQuality "1"]
[WhiteTeam "Al Shah Mat Los Realejos II"]
[BlackTeam "El Sauzal Libreria Barco II"]
[WhiteTeamCountry "ESP"]
[BlackTeamCountry "ESP"]

1. e4 c5 2. d4 cxd4 3. c3 dxc3 4. Nxc3 Nc6 5. Nf3 d6 6. Bc4 e6 7. 0-0 Be7 8. Qe2 Nf6 9. Rd1 e5 10. Bg5 0-0 11. Bxf6 Bxf6 12. Nb5 Nd4 13. Nbxd4 exd4 14. Nxd4 a6 15. Kh1 Qb6 16. Qd2 Bg4 17. f3 Rac8 18. Bb3 Bh5 19. Ne2 Qf2 20. Ng3 Qxd2 21. Rxd2 Bg6 22. Rxd6 Rfd8 23. Rad1 Rxd6 24. Rxd6 Kf8 25. f4 Be7 26. Rd1 f6 27. Kg1 Bc5+ 28. Kf1 Be8 29. Ke2 h5 30. h4 g6 31. Bd5 Rc7 32. Rc1 Bb5+ 33. Kf3 b6 34. e5 fxe5 35. fxe5 Re7 36. e6 Kg7 37. Ne4 Bd4 38. b3 Bd3 39. g3 Bxe4+ 40. Kxe4 Bc5 41. Ke5 a5 42. Rf1 Bb4 43. Rf7+ Rxf7 44. exf7 Bf8 45. Ke6 Bc5 46. Kd7 Bf2 47. Kc6 Bc5 48. a3 Bxa3 49. Kxb6 Bb4 1/2-1/2

[Event "Tenerife-chT Preferente"]
[Site "Tenerife"]
[Date "2023.01.14"]
[Round "1.3"]
[White "Septien Lopez, Valeriano"]
[Black "Iglesias Santos, David"]
[Result "1-0"]
[WhiteElo "1739"]
[BlackElo "1923"]
[PlyCount "83"]
[EventDate "2023.01.14"]
[EventType "team-tourn"]
[EventRounds "14"]
[EventCountry "ESP"]
[SourceTitle "EXT 2024"]
[Source "ChessBase"]
[SourceDate "2023.10.10"]
[SourceVersion "1"]
[SourceVersionDate "2023.10.10"]
[SourceQuality "1"]
[WhiteTeam "El Sauzal Libreria Barco"]
[BlackTeam "Circulo de Amistad XII Enero"]
[WhiteTeamCountry "ESP"]
[BlackTeamCountry "ESP"]

1. e4 e5 2. Nf3 Nc6 3. Nc3 Nf6 4. Bb5 Nd4 5. Nxd4 exd4 6. e5 dxc3 7. exf6 cxd2+ 8. Bxd2 Qxf6 9. 0-0 Be7 10. Re1 0-0 11. Bc3 Qd6 12. Qf3 Bf6 13. Rad1 Qb6 14. Bxf6 Qxf6 15. Qxf6 gxf6 16. Bxd7 Rd8 17. Bxc8 Raxc8 18. f3 Kg7 19. Kf2 Kg6 20. h4 f5 21. Kg3 c6 22. Kf4 Rxd1 23. Rxd1 Re8 24. h5+ Kf6 25. Rd2 Re1 26. c4 b6 27. b4 a5 28. a3 h6 29. bxa5 bxa5 30. Rd8 Re5 31. Rh8 Rc5 32. Rxh6+ Kg7 33. Rd6 Rxc4+ 34. Kxf5 Rc5+ 35. Ke4 Rxh5 36. Rxc6 Rb5 37. Ra6 Rc5 38. Rd6 f6 39. Rd5 Rc4+ 40. Kf5 Ra4 41. Rd7+ Kg8 42. Kg6 1-0

[Event "Merida World Heritage op 2nd"]
[Site "Merida"]
[Date "2022.08.04"]
[Round "5"]
[White "Septien Lopez, Valeriano"]
[Black "Martinez Fernandez, Raul"]
[Result "1/2-1/2"]
[WhiteElo "1738"]
[BlackElo "2187"]
[PlyCount "55"]
[EventDate "2022.08.02"]
[EventType "swiss"]
[EventRounds "9"]
[EventCountry "ESP"]
[SourceTitle "EXT 2023"]
[Source "ChessBase"]
[SourceDate "2022.10.05"]
[SourceVersion "1"]
[SourceVersionDate "2022.10.05"]
[SourceQuality "1"]

1. e4 e5 2. Nf3 Nc6 3. Nc3 Nf6 4. Bb5 Bb4 5. 0-0 0-0 6. d3 d6 7. Bg5 Bxc3 8. bxc3 Qe7 9. d4 Nd8 10. Re1 Ne6 11. Bh4 Nf4 12. Qd2 Bg4 13. Re3 Ng6 14. Bg3 Bxf3 15. gxf3 Nh5 16. Kh1 Qg5 17. Bd7 Rad8 18. Bg4 Nf6 19. Rg1 Nh4 20. Qe2 Qh6 21. Bxh4 Qxh4 22. f4 Nxg4 23. Rxg4 Qh6 24. f5 d5 25. dxe5 dxe4 26. Reg3 g6 27. Qxe4 Rd1+ 28. Rg1 1/2-1/2

[Event "Tenerife-chT Preferente"]
[Site "Tenerife"]
[Date "2021.10.02"]
[Round "13.3"]
[White "Septien Lopez, Valeriano"]
[Black "Pereda de Pablo, Ernesto"]
[Result "0-1"]
[WhiteElo "1784"]
[BlackElo "2100"]
[PlyCount "74"]
[EventDate "2021.02.27"]
[EventType "team-tourn"]
[EventRounds "14"]
[EventCountry "ESP"]
[SourceTitle "EXT 2023"]
[Source "ChessBase"]
[SourceDate "2022.10.05"]
[SourceVersion "1"]
[SourceVersionDate "2022.10.05"]
[SourceQuality "1"]
[WhiteTeam "El Sauzal Libreria Barco"]
[BlackTeam "Ebano Barrio Nuevo"]
[WhiteTeamCountry "ESP"]
[BlackTeamCountry "ESP"]

1. e4 c5 2. g3 Nc6 3. Bg2 g6 4. Ne2 Bg7 5. 0-0 d6 6. d3 e6 7. c3 Nge7 8. Na3 0-0 9. Nc2 Rb8 10. d4 cxd4 11. cxd4 d5 12. Bf4 Ra8 13. e5 b6 14. Qd2 Ba6 15. Rfd1 Bxe2 16. Qxe2 Qd7 17. Bh3 Rfc8 18. Ne3 Nf5 19. Bxf5 gxf5 20. Bg5 Ne7 21. g4 f4 22. Bxf4 Ng6 23. Bg3 f6 24. f4 fxe5 25. fxe5 Qe7 26. Ng2 Rf8 27. Rf1 Qb4 28. Rad1 Rxf1+ 29. Kxf1 Rf8+ 30. Kg1 Bh6 31. g5 Bg7 32. h4 Ne7 33. h5 Rf5 34. Bh4 Nc6 35. Qd2 Qa4 36. Nf4 Rxf4 37. Qxf4 Qxd1+ 0-1

[Event "Merida World Heritage op 1st"]
[Site "Merida"]
[Date "2021.08.05"]
[Round "2"]
[White "Septien Lopez, Valeriano"]
[Black "Lages, Duarte Jorge Da Sil"]
[Result "1-0"]
[WhiteElo "1761"]
[BlackElo "1414"]
[PlyCount "21"]
[EventDate "2021.08.04"]
[EventType "swiss"]
[EventRounds "9"]
[EventCountry "ESP"]
[SourceTitle "EXT 2023"]
[Source "ChessBase"]
[SourceDate "2022.10.05"]
[SourceVersion "1"]
[SourceVersionDate "2022.10.05"]
[SourceQuality "1"]

1. e4 c6 2. Nc3 d5 3. Nf3 dxe4 4. Nxe4 Bg4 5. Bc4 Nd7 6. Bxf7+ Kxf7 7. Nfg5+ Ke8 8. Qxg4 Ngf6 9. Qe6 Nb6 10. Nf7 Qd5 11. Ned6+ 1-0

[Event "Merida World Heritage op 1st"]
[Site "Merida"]
[Date "2021.08.04"]
[Round "1"]
[White "Campora, Daniel Hugo"]
[Black "Septien Lopez, Valeriano"]
[Result "1-0"]
[WhiteElo "2401"]
[BlackElo "1761"]
[PlyCount "65"]
[EventDate "2021.08.04"]
[EventType "swiss"]
[EventRounds "9"]
[EventCountry "ESP"]
[SourceTitle "CBM 203 Extra"]
[Source "ChessBase"]
[SourceDate "2021.09.30"]
[SourceVersion "1"]
[SourceVersionDate "2021.09.30"]
[SourceQuality "1"]

1. e4 c5 2. Nf3 Nc6 3. Bb5 Qb6 4. Nc3 e6 5. Bxc6 Qxc6 6. d4 Nf6 7. d5 exd5 8. exd5 Qa6 9. a4 Be7 10. Nb5 0-0 11. 0-0 Bd6 12. Re1 Bb8 13. d6 Qb6 14. c4 a6 15. a5 Qd8 16. Nc3 b5 17. Bg5 Bb7 18. Ne5 h6 19. Bxf6 Qxf6 20. Nxd7 Qg5 21. Ne4 Bxe4 22. Rxe4 Qf5 23. Qd5 Qxd5 24. cxd5 Rd8 25. Nb6 f5 26. Re6 Ra7 27. d7 Bc7 28. Nc8 Ra8 29. Re8+ Kf7 30. Re7+ Kf6 31. Rae1 Bxa5 32. R1e6+ Kg5 33. Rxg7+ 1-0

[Event "Trevis San Miguel op 26th"]
[Site "Trevis"]
[Date "2020.09.19"]
[Round "1"]
[White "Suarez Prendes, Rufino"]
[Black "Septien Lopez, Valeriano"]
[Result "0-1"]
[WhiteElo "1761"]
[BlackElo "1771"]
[PlyCount "54"]
[EventDate "2020.09.19"]
[EventType "swiss"]
[EventRounds "3"]
[EventCountry "ESP"]
[SourceTitle "EXT 2024"]
[Source "ChessBase"]
[SourceDate "2023.10.10"]
[SourceVersion "1"]
[SourceVersionDate "2023.10.10"]
[SourceQuality "1"]

1. e4 c5 2. Nc3 Nc6 3. g3 g6 4. Bg2 Bg7 5. d3 e6 6. Be3 d6 7. Qd2 Rb8 8. Nge2 h5 9. d4 cxd4 10. Nxd4 Nge7 11. Ndb5 0-0 12. 0-0-0 a6 13. Nd4 Ne5 14. f4 Nc4 15. Qe2 b5 16. Qd3 Nxe3 17. Qxe3 b4 18. Nce2 Qb6 19. Qd2 a5 20. Rhf1 a4 21. f5 exf5 22. exf5 Nxf5 23. Nxf5 Bxf5 24. Qxd6 Qxd6 25. Rxd6 Rfc8 26. c4 bxc3 27. Nxc3 a3 0-1

[Event "Tenerife-chT Primera 1920"]
[Site "Tenerife "]
[Date "2020.02.08"]
[Round "6.2"]
[White "Septien Lopez, Valeriano"]
[Black "Rizoev, Rifat"]
[Result "0-1"]
[WhiteElo "1803"]
[BlackElo "1616"]
[PlyCount "78"]
[EventDate "2019.11.30"]
[EventType "team-tourn"]
[EventRounds "14"]
[EventCountry "ESP"]
[SourceTitle "CBM 195 Extra"]
[Source "ChessBase"]
[SourceDate "2020.05.31"]
[SourceVersion "1"]
[SourceVersionDate "2020.05.31"]
[SourceQuality "1"]
[WhiteTeam "El Sauzal Libreria Barco II"]
[BlackTeam "Playa San Juan"]
[WhiteTeamCountry "ESP"]
[BlackTeamCountry "ESP"]

1. e4 c5 2. d3 Nc6 3. g3 e6 4. Bg2 Nf6 5. Nc3 a6 6. f4 d5 7. e5 Nd7 8. Nf3 Be7 9. 0-0 0-0 10. Ne2 b5 11. g4 Bb7 12. Ng3 Qc7 13. c3 d4 14. Qe2 Rfd8 15. Bd2 Rac8 16. Rae1 Nb6 17. f5 dxc3 18. bxc3 Qd7 19. fxe6 fxe6 20. Bg5 Qxd3 21. Bxe7 Qxe2 22. Nxe2 Nxe7 23. Ng5 Bd5 24. Bxd5 exd5 25. Nf4 Na4 26. Nfe6 h6 27. Rf7 hxg5 28. Rxg7+ Kh8 29. Re3 Ng6 30. Rxg6 Rd7 31. Nxg5 Rg7 32. Rh6+ Kg8 33. h4 b4 34. cxb4 d4 35. Ra3 c4 36. Rxa4 c3 37. Raxa6 d3 38. Rac6 Rgc7 39. Rxc7 Rxc7 0-1

[Event "Tenerife-chT Preferente 1920"]
[Site "Tenerife"]
[Date "2020.01.25"]
[Round "5.4"]
[White "Mora Orta, Rebeca"]
[Black "Septien Lopez, Valeriano"]
[Result "0-1"]
[WhiteElo "1232"]
[BlackElo "1803"]
[PlyCount "72"]
[EventDate "2019.11.30"]
[EventType "team-tourn"]
[EventRounds "14"]
[EventCountry "ESP"]
[SourceTitle "CBM 195 Extra"]
[Source "ChessBase"]
[SourceDate "2020.05.31"]
[SourceVersion "1"]
[SourceVersionDate "2020.05.31"]
[SourceQuality "1"]
[WhiteTeam "Puerto de la Cruz Piratas"]
[BlackTeam "El Sauzal Libreria Barco"]
[WhiteTeamCountry "ESP"]
[BlackTeamCountry "ESP"]

1. e4 c5 2. Nc3 Nc6 3. f4 e6 4. Bb5 Nd4 5. Nf3 Nxb5 6. Nxb5 a6 7. Nc3 Nf6 8. d3 d5 9. 0-0 dxe4 10. dxe4 Qxd1 11. Rxd1 Be7 12. Be3 Ng4 13. Bd2 0-0 14. Ne2 b5 15. h3 Nf6 16. Ng3 Bb7 17. e5 Ne4 18. Nxe4 Bxe4 19. Rac1 Rfd8 20. c3 Rd7 21. Be3 Rad8 22. Rxd7 Rxd7 23. c4 b4 24. Nd2 Rd3 25. Re1 Bc6 26. Nb3 h5 27. Bxc5 Bxc5+ 28. Nxc5 Rd2 29. Nxa6 Rxg2+ 30. Kf1 Rxb2 31. Rc1 b3 32. a4 Rc2 33. Ra1 b2 34. Rb1 Rc1+ 35. Ke2 Rxb1 36. Nb4 Re1+ 0-1

[Event "Almunecar FEDC op 23th"]
[Site "Almunecar"]
[Date "2019.09.29"]
[Round "2"]
[White "Septien Lopez, Valeriano"]
[Black "Venegas Nuno, Francisco"]
[Result "1/2-1/2"]
[WhiteElo "1849"]
[BlackElo "1593"]
[PlyCount "81"]
[EventDate "2019.09.28"]
[EventType "swiss"]
[EventRounds "7"]
[EventCountry "ESP"]
[SourceTitle "EXT 2024"]
[Source "ChessBase"]
[SourceDate "2023.10.10"]
[SourceVersion "1"]
[SourceVersionDate "2023.10.10"]
[SourceQuality "1"]

1. e4 e6 2. d4 d5 3. exd5 exd5 4. Bd3 Nf6 5. Bf4 Bg4 6. Ne2 Be7 7. f3 Bh5 8. Ng3 Nc6 9. c3 Bg6 10. 0-0 0-0 11. Nf5 Re8 12. Na3 Bxa3 13. bxa3 Nh5 14. Bd2 Ne7 15. Bg5 f6 16. Nxe7+ Qxe7 17. Bxg6 hxg6 18. Bd2 g5 19. Qb3 c6 20. Rae1 Qc7 21. Qc2 Qf7 22. Qf5 g6 23. Qb1 Ng7 24. Kf2 Nf5 25. g3 Nd6 26. Rxe8+ Rxe8 27. Re1 Rxe1 28. Qxe1 Nc4 29. Bc1 Qf8 30. h4 gxh4 31. gxh4 Kf7 32. Qh1 Qh8 33. Qh2 g5 34. h5 Qh7 35. Qc7+ Kg8 36. Qc8+ Kg7 37. Qxb7+ Kh6 38. Qxh7+ Kxh7 39. Kg3 Kh6 40. f4 Kxh5 41. fxg5 1/2-1/2

[Event "Tenerife-chT Primera 1819"]
[Site "Tenerife"]
[Date "2019.04.06"]
[Round "13.2"]
[White "Diaz Reyes, Franklin"]
[Black "Septien Lopez, Valeriano"]
[Result "0-1"]
[WhiteElo "1848"]
[BlackElo "1848"]
[PlyCount "56"]
[EventDate "2018.11.24"]
[EventType "team-tourn"]
[EventRounds "14"]
[EventCountry "ESP"]
[SourceTitle "EXT 2021"]
[Source "ChessBase"]
[SourceDate "2020.10.23"]
[SourceVersion "1"]
[SourceVersionDate "2020.10.23"]
[SourceQuality "1"]
[WhiteTeam "Fundacion La Caja de Canarias II"]
[BlackTeam "El Sauzal Libreria Barco"]
[WhiteTeamCountry "ESP"]
[BlackTeamCountry "ESP"]

1. e4 c5 2. Nf3 Nc6 3. d4 cxd4 4. Nxd4 g6 5. c4 Bg7 6. Be3 Nf6 7. Nc3 Ng4 8. Qxg4 Nxd4 9. Qd1 Ne6 10. Rc1 0-0 11. Be2 d6 12. Qd2 Re8 13. 0-0 b6 14. f4 Bb7 15. Bf3 Rc8 16. Nb5 a6 17. Nd4 Nc5 18. Qc2 e5 19. Nb3 exf4 20. Nxc5 dxc5 21. Bxf4 Qd4+ 22. Rf2 Bxe4 23. Bxe4 Rxe4 24. Rd1 Rxf4 25. Rxd4 Bxd4 26. Qa4 Rxf2 27. h3 Rxb2+ 28. Kh1 Rd8 0-1